|
|
|
|
| LEADER |
00000cam a2200000 7i4500 |
| 001 |
0000001293 |
| 005 |
20140405.0 |
| 090 |
0 |
0 |
|a JPSM634.9
|b NOT 1979
|
| 245 |
0 |
0 |
|a NOTES on identification of seedlings trees and logs
|
| 260 |
0 |
0 |
|a Kepong :
|b Unit Latihan Perhutanan, Jabatan Perhutanan Semenanjung Malaysia ,
|c (1979)
|
| 300 |
|
|
|a (91) p. :
|b ill. ;
|c 28 cm.
|
| 500 |
0 |
0 |
|a Bibliography : (p. 91)
|
| 650 |
0 |
0 |
|a Logwood
|x Identification
|
| 650 |
0 |
0 |
|a Seedlings
|x Identification
|
| 650 |
0 |
0 |
|a Trees
|x Identification
|
| 998 |
|
|
|a JPSM
|
| 999 |
|
|
|a 0000002243
|b Monograph
|c Open Shelf
|e Default branch
|
| 999 |
|
|
|a 0000005114
|b Monograph
|c Open Shelf
|e Default branch
|
| 999 |
|
|
|a 0000005115
|b Monograph
|c Open Shelf
|e Default branch
|